| 000 | 01290nam0a2200277 4500 | ||
|---|---|---|---|
| 001 | RU\NLR\ONL1\5503 | ||
| 005 | 20260407063200.0 | ||
| 035 | _a(NLR Aleph) 009634254 | ||
| 090 |
_a9513442 _c9513442 |
||
| 100 | _a20050519d1948 |||y0rusy50 ca | ||
| 101 | 0 | _achm | |
| 102 | _aRU | ||
| 105 | _aa ||||||||| | ||
| 200 | 1 |
_aИосиф Виссарионович Сталин _eКучыкын возымо биографий _fВКП(б)ЦК пеленсе Маркс-Энгельс-Ленин ин-т _gСост. Александров Г. Ф., Галактионов М. Р., Кружков В. С. и др. |
|
| 210 |
_aЙошкар-Ола _cМар. гос. изд-во _d1948 |
||
| 215 |
_a270 с.,[14] л. ил. _d20 |
||
| 541 | 1 |
_aИ. В. Сталин _eКраткая Биография _zrus |
|
| 686 | 1 | _aФ61(2)8 | |
| 702 | 1 |
_4570 _7ca _8rus _aСталин _bИ. В. _f1879-1953 _gИосиф Виссарионович _9113460 _3RU\NLR\auth\773464 |
|
| 702 | 1 |
_4220 _7ca _8rus _aАлександров _bГ. Ф. _cфилософ, гос. деятель _f1908-1961 _gГеоргий Федорович _9123063 _3RU\NLR\AUTH\7713373 |
|
| 801 | 0 |
_aRU _bNLR _c20050519 _gPSBO |
|
| 852 |
_aNLR _bОНЛ _jМар.л./2-1356 |
||
| 942 | _cBOOK | ||
| 980 | _aNB | ||